Catálogo
 En Linea

Formas de la conciencia social. / (Registro nro. 34897)

Detalles MARC
000 -CABECERA
campo de control de longitud fija 01036nam a2200241 a 4500
001 - NÚMERO DE CONTROL
campo de control 000035406
005 - FECHA Y HORA DE LA ÚLTIMA TRANSACCIÓN
campo de control 20260420181238.0
008 - DATOS DE LONGITUD FIJA--INFORMACIÓN GENERAL
campo de control de longitud fija 111031s1962 ag 000 0 spa d
040 ## - FUENTE DE LA CATALOGACIÓN
Centro catalogador/agencia de origen DO-SdBNP
Lengua de catalogación spa
Centro/agencia transcriptor BNPHU
082 ## - NÚMERO DE LA CLASIFICACIÓN DECIMAL DEWEY
Número de clasificación 301
Número de documento/Ítem K29f
100 1# - ENTRADA PRINCIPAL--NOMBRE DE PERSONA
Nombre de persona Kelle, Vladislav
9 (RLIN) 61232
245 10 - MENCIÓN DE TÍTULO
Título Formas de la conciencia social. /
Mención de responsabilidad, etc. Vladislav Kelle ; traducción directa del ruso de : Celia Dujovne y Carlos A. Agosti.
260 ## - PUBLICACIÓN, DISTRIBUCIÓN, ETC.
Lugar de publicación, distribución, etc. Buenos Aires :
Nombre del editor, distribuidor, etc. Lautaro,
Fecha de publicación, distribución, etc. 1962.
300 ## - DESCRIPCIÓN FÍSICA
Extensión 238 p. ;
Dimensiones 21 cm.
490 1# - MENCIÓN DE SERIE
Mención de serie Ensayos fundamentales
505 0# - NOTA DE CONTENIDO CON FORMATO
Nota de contenido con formato La conciencia social, reflejo de la existencia social --
Título La ideología política --
-- La conciencia jurídica --
-- La moral --
-- La religión --
-- La ciencia --
-- El arte --
-- La filosofía.
590 ## - NOTA LOCAL (RLIN)
Nota local Perteneció a la biblioteca personal de Juan Isidro Jimenes Grullón
650 #0 - PUNTO DE ACCESO ADICIONAL DE MATERIA--TÉRMINO DE MATERIA
Término de materia o nombre geográfico como elemento de entrada Comunismo y sociedad
9 (RLIN) 32559
700 12 - PUNTO DE ACCESO ADICIONAL--NOMBRE DE PERSONA
Nombre de persona Dujovne, Celia,
Término indicativo de función/relación tr.
9 (RLIN) 61233
700 12 - PUNTO DE ACCESO ADICIONAL--NOMBRE DE PERSONA
Nombre de persona Agosti., Carlos A. ,
Término indicativo de función/relación tr.
9 (RLIN) 61234
830 #0 - PUNTO DE ACCESO ADICIONAL DE SERIE-TÍTULO UNIFORME
Título uniforme Ensayos fundamentales
9 (RLIN) 61235
910 ## - DATOS DE OPCIÓN DEL USUARIO (OCLC)
Datos de opción del usuario Validado. Control de calidad MFF
Existencias
Estado de retiro Estado de pérdida Restricciones de uso No para préstamo Código de colección Localización permanente Ubicación/localización actual Ubicación en estantería Fecha de adquisición Número de inventario Total de préstamos Signatura topográfica completa Código de barras Fecha visto por última vez Precio válido a partir de Tipo de ítem Koha Nota pública
      Excluido de préstamo Monografías: Libros y Folletos General General Depósito 31.10.2011 LF1   301 K29f 35406-10 25.06.2020 25.06.2020 No se presta Perteneció a la biblioteca personal de Juan Isidro Jimenes -Grullón

Con tecnología Koha